|
|
|
|
| LEADER |
01477nam a2200433 i 4500 |
| 001 |
001838021 |
| 003 |
CZ BrMZK |
| 005 |
20221101080024.0 |
| 007 |
ta |
| 008 |
221019s2021 xxk f 001 0 eng |
| 020 |
|
|
|a 978-0-367-43979-8
|q (brožováno)
|
| 040 |
|
|
|a BOA001
|b cze
|e rda
|
| 044 |
|
|
|a xxk
|a xxu
|
| 072 |
|
7 |
|a 02
|x Knihovnictví. Informatika
|2 Konspekt
|9 12
|
| 080 |
|
|
|a 02
|2 MRF
|
| 080 |
|
|
|a 316.77-027.21
|2 MRF
|
| 080 |
|
|
|a 303.022
|2 MRF
|
| 080 |
|
|
|a 39
|2 MRF
|
| 080 |
|
|
|a (082)
|2 MRF
|
| 245 |
0 |
0 |
|a Autoethnography for librarians and information scientists /
|c edited by Ina Fourie
|
| 250 |
|
|
|a First puiblished
|
| 264 |
|
1 |
|a London ;
|a New York :
|b Routledge, Taylor & Francis Group,
|c 2021
|
| 300 |
|
|
|a xxiii, 215 stran ;
|c 24 cm
|
| 336 |
|
|
|a text
|b txt
|2 rdacontent
|
| 337 |
|
|
|a bez média
|b n
|2 rdamedia
|
| 338 |
|
|
|a svazek
|b nc
|2 rdacarrier
|
| 500 |
|
|
|a Terminologický slovník
|
| 504 |
|
|
|a Obsahuje bibliografie a rejstřík
|
| 650 |
0 |
7 |
|a knihovnictví
|7 ph121664
|2 czenas
|
| 650 |
0 |
7 |
|a informační věda
|7 ph121108
|2 czenas
|
| 650 |
0 |
7 |
|a kvalitativní výzkum
|7 ph115045
|x metodologie
|2 czenas
|
| 650 |
0 |
7 |
|a etnografie
|7 ph137601
|x metodologie
|2 czenas
|
| 653 |
0 |
|
|a autoetnografie
|
| 655 |
|
7 |
|a sborníky
|7 fd163935
|2 czenas
|
| 700 |
1 |
|
|a Fourie, Ina
|7 mzk20221166497
|4 edt
|
| 910 |
|
|
|a BOA001
|b 2-1496.133
|
| 990 |
|
|
|a BK
|
| 991 |
|
|
|b 202210
|c NOV
|
| 996 |
6 |
|
|b 2610917915
|c 2-1496.133
|l MZK
|r HSS 4p
|n 0
|p kupz
|h 02 FOU
|w 001903042
|u 000010
|a 0
|e BOA001
|j MZK50
|s P
|